Match the random country with their capital (Africa) - Statistics

General Stats
  • This quiz has been taken 85 times
  • The average score is 8 of 10
Answer Stats
Hint Answer % Correct
Ethiopia Addis Ababa
100%
Egypt Cairo
100%
Djibouti Djibouti
100%
Zimbabwe Harare
100%
Liberia Monrovia
100%
Kenya Nairobi
100%
Chad N'Djamena
100%
South Africa Pretoria, Bloemfontein, Cape Town
100%
Morocco Rabat
100%
Libya Tripoli
100%
Tunisia Tunis
100%
Guinea-Bissau Bissau
93%
Rwanda Kigali
92%
Somalia Mogadishu
92%
Sao Tome and Principe Sao Tome
92%
Tanzania Dodoma
91%
Burundi Gitega
91%
Mali Bamako
90%
Senegal Dakar
90%
Uganda Kampala
90%
Congo, Democratic Republic of the Kinshasa
90%
Sudan Khartoum
89%
Madagascar Antananarivo
88%
Eritrea Asmara
86%
Algeria Algiers
85%
Sierra Leone Freetown
83%
Angola Luanda
83%
Zambia Lusaka
83%
Central African Republic Bangui
82%
Botswana Gaborone
82%
Lesotho Maseru
82%
Seychelles Victoria
80%
Namibia Windhoek
80%
Ivory Coast Yamoussoukro
80%
Nigeria Abuja
78%
Guinea Conakry
78%
Benin Porto Novo
78%
Niger Niamey
77%
Mauritania Nouakchott
75%
Cameroon Yaounde
70%
Gambia Banjul
67%
South Sudan Juba
67%
Ghana Accra
64%
Malawi Lilongwe
64%
Congo, Republic of the Brazzaville
63%
Mozambique Maputo
63%
Gabon Libreville
60%
Togo Lome
57%
Cape Verde Praia
57%
Comoros Moroni
55%
Burkina Faso Ouagadougou
55%
Mauritius Port Louis
55%
Eswatini Mbabana
0%
No matching quizzes found
Score Distribution
Percent of People with Each Score
Percentile by Number Answered
Your Score History
You have not taken this quiz